| 000 | 00461cam a22001577a 4500 | ||
|---|---|---|---|
| 008 | 180718b2001 xxu||||| |||| 00| 0 eng d | ||
| 020 | _a8170336902 | ||
| 082 | _aQ31x54 L786 | ||
| 100 | _aLobo, Lancy | ||
| 245 |
_aPoor in urban India: life in the slums of a Western Indian city _cby Lancy Lobo and Biswaroop Das |
||
| 260 |
_aJaipur _bRawat _c2001 |
||
| 300 | _a203p. | ||
| 650 | _aPoverty - India | ||
| 650 | _aUrban poor - India | ||
| 700 | _aDas, Biswaroop | ||
| 999 |
_c399232 _d399232 |
||